| 000 | 00000nam 2200000zi 4500 |
| 001 | 9.952927 |
| 003 | CaOODSP |
| 005 | 20250822080251 |
| 006 | m o d f |
| 007 | cr cn||||||||| |
| 008 | 250707e202508 oncabd ob f000 0 eng d |
| 020 | |a9780660780290 |
| 040 | |aCaOODSP|beng|erda|cCaOODSP |
| 043 | |an-cn-nf |
| 086 | 1 |aFs70-6/2025-037E-PDF |
| 245 | 00|aNewfoundland and Labrador comparative fishing analysis - part II. |
| 264 | 1|aOttawa : |bCanadian Science Advisory Secretariat, |cAugust 2025. |
| 264 | 4|c©2025 |
| 300 | |a1 online resource (20 pages) : |billustrations, charts, maps. |
| 336 | |atext|btxt|2rdacontent |
| 337 | |acomputer|bc|2rdamedia |
| 338 | |aonline resource|bcr|2rdacarrier |
| 490 | 1 |aScience advisory report, |x1919-5087 ; |v2025/037 |
| 500 | |aCaption title. |
| 500 | |aIssued also in French under title: Analyse de la pêche comparative à Terre-Neuve-et-Labrador - partie II. |
| 504 | |aIncludes bibliographical references (pages 18-19). |
| 650 | 0|aDredging (Fisheries)|zNewfoundland and Labrador. |
| 650 | 0|aTrawls and trawling|zNewfoundland and Labrador. |
| 710 | 2 |aCanadian Science Advisory Secretariat, |eissuing body. |
| 710 | 1 |aCanada. |bDepartment of Fisheries and Oceans. |bNewfoundland and Labrador Region, |eissuing body. |
| 775 | 08|tAnalyse de la pêche comparative à Terre-Neuve-et-Labrador - partie II.|w(CaOODSP)9.952929 |
| 830 | #0|aScience advisory report (Canadian Science Advisory Secretariat)|x1919-5087 ; |v2025/037.|w(CaOODSP)9.506226 |
| 856 | 40|qPDF|s1.38 MB|uhttps://publications.gc.ca/collections/collection_2025/mpo-dfo/fs70-6/Fs70-6-2025-037-eng.pdf |